Word Ladder: Flora Quiz Stats

 Plays Quiz Updated Nov 14, 2012

Support Sporcle.
Go Orange.
Score 0/10 Timer 01:00
0 Plays Today
Clue 4-Letter Word % Correct
No longer livingDEAD
98.9%
Document of home ownershipDEED
96.2%
100% offFREE
92.4%
An acorn or a pine cone holds thisSEED
92.2%
What an acorn or a pine cone becomesTREE
90.4%
A piece of a braceletBEAD
88.7%
Worry about somethingFRET
88.6%
Sorority's male counterpartFRAT
87.7%
Earn a victory over anotherBEAT
82.6%
Courageous actFEAT
80.5%

Today's Daily Dose

You're not logged in!

Compare scores with friends on all Sporcle quizzes.
OR
Log In

From the Vault

Pick the Children's Book Characters

by lolshortee

Some quizzes take you right down memory lane.
Remove Ads.
Support Sporcle.
Get the best of Sporcle when you Go Orange. This ad-free experience offers more features, more stats, and more fun while also helping to support Sporcle. Thank you for becoming a member.

Show Comments

Extras

Top Quizzes Today


Score Distribution

Your Account Isn't Verified!

In order to create a playlist on Sporcle, you need to verify the email address you used during registration. Go to your Sporcle Settings to finish the process.

Report this User

Report this user for behavior that violates our Community Guidelines.

Details: